Comentario al Nuevo Testamento

Zapisane w:
Opis bibliograficzny
Format: Książka
Język:hiszpański
Wydane: Pamplona Verbo Divino 1996
Wydanie:2a. ed
Hasła przedmiotowe:
Etykiety: Dodaj etykietę
Nie ma etykietki, Dołącz pierwszą etykiete!

MARC

LEADER 00000nam a2200000 a 4500
001 UCS5893
003 CL-VaPUC
008 970906e19960000SP |||||||||||||||||spa|d
082 0 4 |a 225  |b COM  |2 21 
245 1 0 |a Comentario al Nuevo Testamento 
250 |a 2a. ed 
300 |a 745 p 
942 |c BK 
945 |d 19970906 00:00:00  |a aalvarez 
260 |a Pamplona  |b Verbo Divino  |c 1996 
650 0 |a Textos sagrados   |9 257605 
650 0 |a Nuevo testamento  |9 257604 
650 7 |a COMENTARIOS  |2 CL-VaPUC  |9 313567 
583 |a last modification  |c 20130402 05:42:36  |k Rodrigo Vera 
999 |c 262023  |d 262021 
952 |0 0  |1 0  |4 0  |6 225_000000000000000_COM_1996  |7 0  |8 A  |9 290175  |a BIBTEO  |b BIBTEO  |d 2019-11-19  |i 3342255  |o 225 COM 1996  |p 3342255  |r 2025-01-17  |w 2019-11-19  |y BK  |k ICR